<?xml version="1.0" encoding="UTF-8"?>
<collection xmlns:xsi="http://www.w3.org/2001/XMLSchema-instance" xsi:schemaLocation="http://www.loc.gov/MARC21/slim http://www.loc.gov/standards/marcxml/schema/MARC21slim.xsd" xmlns="http://www.loc.gov/MARC21/slim">
 <record>
  <leader>00000nam a22000004a 4500</leader>
  <controlfield tag="001">UP-1685954869149831395</controlfield>
  <controlfield tag="003">Buklod</controlfield>
  <controlfield tag="005">20241203114204.0</controlfield>
  <controlfield tag="006">m     |  | |      </controlfield>
  <controlfield tag="007">ta</controlfield>
  <controlfield tag="008">241203s1972    ph ao   rb   |||1 u|eng d</controlfield>
  <datafield tag="037" ind1=" " ind2=" ">
   <subfield code="a">BG-17966</subfield>
   <subfield code="b">Gift-Dr. David B. Baradas</subfield>
  </datafield>
  <datafield tag="040" ind1="0" ind2=" ">
   <subfield code="a">DML</subfield>
   <subfield code="d">BAG</subfield>
   <subfield code="e">rda</subfield>
  </datafield>
  <datafield tag="041" ind1="0" ind2=" ">
   <subfield code="a">eng</subfield>
  </datafield>
  <datafield tag="090" ind1=" " ind2="0">
   <subfield code="a">HN 720 P28</subfield>
   <subfield code="b">L37a</subfield>
  </datafield>
  <datafield tag="100" ind1="1" ind2=" ">
   <subfield code="a">Larkin, John Alan</subfield>
   <subfield code="e">author.</subfield>
  </datafield>
  <datafield tag="245" ind1="1" ind2="4">
   <subfield code="a">The Pampangans</subfield>
   <subfield code="b">colonial society in a Philippine province</subfield>
   <subfield code="c">John Alan Larkin.</subfield>
  </datafield>
  <datafield tag="264" ind1=" " ind2="1">
   <subfield code="a">Manila</subfield>
   <subfield code="b">Alemars</subfield>
   <subfield code="c">[1972]</subfield>
  </datafield>
  <datafield tag="300" ind1=" " ind2=" ">
   <subfield code="a">xvii, 340 pages</subfield>
   <subfield code="b">illustrations, maps</subfield>
   <subfield code="c">24 cm</subfield>
  </datafield>
  <datafield tag="336" ind1=" " ind2=" ">
   <subfield code="a">text</subfield>
   <subfield code="2">rdacontent</subfield>
  </datafield>
  <datafield tag="337" ind1=" " ind2=" ">
   <subfield code="a">unmediated</subfield>
   <subfield code="2">rdamedia</subfield>
  </datafield>
  <datafield tag="338" ind1=" " ind2=" ">
   <subfield code="a">volume</subfield>
   <subfield code="2">rdacarrier</subfield>
  </datafield>
  <datafield tag="500" ind1=" " ind2=" ">
   <subfield code="a">Originally published by University of California Press, Berkeley, California, 1972.</subfield>
  </datafield>
  <datafield tag="500" ind1=" " ind2=" ">
   <subfield code="a">Reprinted under authority of Presidential Decree No. 285, as amended by P.D. No. 400, by Phoenix Press, Inc., Quezon City, Philippines.</subfield>
  </datafield>
  <datafield tag="504" ind1=" " ind2=" ">
   <subfield code="a">Includes bibliographical references (pages [315]-331) and index.</subfield>
  </datafield>
  <datafield tag="505" ind1="0" ind2=" ">
   <subfield code="a">1. AT THE TURN OF THE CENTURY: The province -- The people and their towns.&#13;
2. FROM DATUS DESCENDED: Pre-Hispanic society -- Social and economic hispanization -- Political hispanization -- The evolution of Pampangan society to 1765.&#13;
3. TRANSITION: The expansion of Philippine commerce -- The origins of a cash crop economy in Pampanga -- The rise of the Chinese meztizos -- Pampangan society from 1765 to 1820.&#13;
4. CASH CROP SOCIETY: The growth of foreign trade -- The advance of Pampangan sugar farming -- Land and agriculture -- Elite society in the nineteenth century -- Pampanga, 1820-1896.&#13;
5. THE BELT OF FIRE: General outlines of the revolution -- The revolution in Pampanga: phase one --  The revolution in Pampanga: phase two --The revolution in Pampanga: phase three -- Pampanga's role in the revolution.&#13;
6. AMERICAN COLONIALISM: American policy toward the Philippines -- Colonial practice in Pampanga -- Education -- Other programs -- American society in Pampanga.&#13;
7. DECADE OF ADJUSTMENT: Postrevolutionary reactions -- The growth of party poltics - The agricultural situation -- Pampangan society from 1901 to 1910.&#13;
8. PROLOGUE TO UNREST: Administrative policy and practice -- Politics in the new decade -- Agricultural progress -- Pampangan society from 1911 to 1921.&#13;
9. ENVOI.</subfield>
  </datafield>
  <datafield tag="651" ind1=" " ind2="0">
   <subfield code="a">Pampanga</subfield>
   <subfield code="x">Social conditions.</subfield>
  </datafield>
  <datafield tag="905" ind1=" " ind2=" ">
   <subfield code="a">FI</subfield>
  </datafield>
  <datafield tag="852" ind1="0" ind2=" ">
   <subfield code="a">UPBAG</subfield>
   <subfield code="b">UPBAG-MAIN</subfield>
   <subfield code="h">HN 720 P28</subfield>
   <subfield code="i">L37A</subfield>
  </datafield>
  <datafield tag="942" ind1=" " ind2=" ">
   <subfield code="a">Book</subfield>
  </datafield>
 </record>
</collection>
